[Event "Napoli Trofeo Caissa 2nd"]
[Site "Napoli"]
[Date "2016.11.10"]
[Round "2"]
[White "Mele, Raffaele"]
[Black "Minopoli, Francesco"]
[Result "1-0"]
[WhiteElo "1476"]
[BlackElo "1618"]
[PlyCount "91"]
[EventDate "2016.11.03"]
[EventType "swiss"]
[EventRounds "7"]
[EventCountry "ITA"]
[SourceTitle "EXT 2018"]
[Source "ChessBase"]
[SourceDate "2017.10.13"]
[SourceVersion "1"]
[SourceVersionDate "2017.10.13"]
[SourceQuality "1"]

1. e4 c5 2. Nf3 a6 3. Nc3 e6 4. d4 cxd4 5. Nxd4 Nc6 6. a3 Qc7 7. Be3 Nf6 8. Be2 Be7 9. Bf3 0-0 10. 0-0 d6 11. Re1 Bd7 12. Qd2 Ne5 13. b3 Rac8 14. Nce2 Nxf3+ 15. gxf3 e5 16. Nf5 Bxf5 17. exf5 Qxc2 18. Qb4 b5 19. Ng3 Qc3 20. Bd2 Qxb4 21. Bxb4 Nd5 22. Bd2 Rc2 23. Rad1 Nc3 24. Rc1 Rxc1 25. Rxc1 Nd5 26. Rc6 Ra8 27. Ne4 f6 28. Nxd6 Bxd6 29. Rxd6 Nf4 30. Bxf4 exf4 31. Rd4 Rc8 32. a4 Rb8 33. Rxf4 Re8 34. Re4 Rxe4 35. fxe4 Kf7 36. Kf1 Ke7 37. axb5 axb5 38. Ke2 Kd6 39. f4 Kc5 40. Kd3 Kb4 41. Kc2 Kc5 42. Kc3 g6 43. fxg6 hxg6 44. h4 b4+ 45. Kd3 f5 46. exf5 1-0

[Event "Napoli Trofeo Caissa 2nd"]
[Site "Napoli"]
[Date "2016.11.03"]
[Round "1"]
[White "Esposito, Rosario"]
[Black "Mele, Raffaele"]
[Result "1-0"]
[WhiteElo "1759"]
[BlackElo "1476"]
[PlyCount "91"]
[EventDate "2016.11.03"]
[EventType "swiss"]
[EventRounds "7"]
[EventCountry "ITA"]
[SourceTitle "EXT 2018"]
[Source "ChessBase"]
[SourceDate "2017.10.13"]
[SourceVersion "1"]
[SourceVersionDate "2017.10.13"]
[SourceQuality "1"]

1. d4 d5 2. c4 e6 3. Nc3 Nf6 4. Bg5 Be7 5. e3 c5 6. Nf3 0-0 7. Qc2 Nc6 8. a3 b6 9. cxd5 exd5 10. Bd3 g6 11. 0-0 Bg4 12. Ne5 Bd7 13. Nxc6 Bxc6 14. Rac1 Qd6 15. Bf4 Qe6 16. Be2 Rfd8 17. Na4 Bb7 18. dxc5 Rac8 19. b4 Ng4 20. Bxg4 Qxg4 21. Qd1 Qe6 22. cxb6 axb6 23. Bc7 Rxc7 24. Rxc7 Ba6 25. Re1 Bd6 26. Rc1 Bb5 27. Nc3 Qe5 28. g3 Bc4 29. Ne2 Qb2 30. Ra1 Ra8 31. Qd4 Be5 32. Qxb2 Bxb2 33. Rab1 Bxa3 34. Ra1 b5 35. Nc3 Kf8 36. Nb1 Bxb4 37. Rxa8+ Kg7 38. Rc1 Be7 39. Rxc4 dxc4 40. Rc8 Bb4 41. Kf1 Kf6 42. Ke2 h5 43. Kd1 Ke5 44. Rb8 Ke4 45. Rxb5 Bd6 46. Nd2+ 1-0